Λίντα, όπως στη δολοφονία της Λίντα : μυθιστόρημα

Αποθηκεύτηκε σε:
Λεπτομέρειες βιβλιογραφικής εγγραφής
Κύριος συγγραφέας: Persson, Leif G. W.
Μορφή: Βιβλίο
Γλώσσα:Greek
Swedish
Δημοσίευση: Αθήνα : Πατάκης, 2017.
Σειρά:Σύγχρονη ξένη λογοτεχνία (Πατάκης)
Θέματα:
Ετικέτες: Προσθήκη ετικέτας
Δεν υπάρχουν, Καταχωρήστε ετικέτα πρώτοι!

MARC

LEADER 00000cam a2200000 a 4500
001 1/120077
008 191008s2017####gr | ||| |||| ||gre||
020 |a 9789601663647 
040 |a GR-MyUa  |b gre  |c GR-MyUa  |e AACR2 
041 1 |a gre  |h swe 
082 7 |a 839.73   |2 (23) 
100 1 |a Persson, Leif G. W. 
245 1 0 |a Λίντα, όπως στη δολοφονία της Λίντα :   |b μυθιστόρημα /   |c Leif G.W. Persson ; μετάφραση Τιτίνα Σπερελάκη. 
260 |a Αθήνα :   |b Πατάκης,   |c 2017. 
300 |a 614 σ. ;   |c 21 εκ. 
490 1 |a (Σύγχρονη ξένη λογοτεχνία / Πατάκης ;   |v 395) 
500 |a Τίτλος πρωτοτύπου: Linda, som i Lindamordet. 
650 0 |a Swedish fiction. 
830 0 |a Σύγχρονη ξένη λογοτεχνία (Πατάκης) 
852 |a INST  |b SYROS  |e 20191008  |h 839.73 PER  |p 005500013841  |q 005500013841  |t BK  |y 0 
920 |a Τυροβολάς  |b Γιάννης  |y Σύρος  |z 2019-10 
970 |a Κοντού  |b Παρασκευή  |z 08/10/2019